000 00813cam a2200253 a 4500
001 3047833
003 OSt
005 20241015170928.0
008 951228s1995 gh b 000 0ceng
010 _a 95237817
040 _aDLC
_cDLC
_dDLC
043 _af-gh---
050 0 0 _aZ720.A46
_bG533 1995
082 0 0 _a020/.92/2667
_220
100 1 _aAlemna, Anaba A.
245 1 0 _aLibrarians in Ghana :
_ba who is who and annotated bibliography /
_cAnaba A. Alemna.
260 _aAccra :
_bType Co.,
_c1995.
300 _a36 p. ;
_c21 cm.
650 0 _aLibrarians
_zGhana
_xBiography.
650 0 _aLibrary science
_zGhana
_xBibliography.
906 _a7
_bcbc
_corignew
_d2
_encip
_f19
_gy-gencatlg
942 _2ddc
_cBK
_n0
999 _c1
_d1